| 000 | 00693nam a22002177a 4500 | ||
|---|---|---|---|
| 003 | OSt | ||
| 005 | 20251023084614.0 | ||
| 008 | 251023b |||||||| |||| 00| 0 eng d | ||
| 020 | _a0-538-44247-6 | ||
| 040 |
_aDWC-Main Lib. _cOC |
||
| 082 |
_25th Edition _aCirc. 686.2255 P132p 2006 |
||
| 100 | _aPAGEL, LARRY G. | ||
| 245 |
_aProofreading & editing precision/ _cLARRY G. PAGEL |
||
| 260 |
_aUSA : _bThomson South-Western, _cc2006. |
||
| 300 |
_aviii, 280 pages : _billustrations ; _c27 cm. |
||
| 504 | _aIndex: pp. 277-280 | ||
| 650 | _a1. Proofreading. | ||
| 650 | _a2. Editing. I. Hart, Robyn R. | ||
| 760 | _bFifth Edition | ||
| 942 |
_2ddc _cBK-CIRC _eFifth Edition _hCirc. _n0 |
||
| 999 |
_c5071 _d5071 |
||